[Event "Kiel op-A 29th"]
[Site "Kiel"]
[Date "2016.08.01"]
[Round "5"]
[White "Papesch, Dennis"]
[Black "Kertesz, Oliver"]
[Result "1-0"]
[WhiteElo "1852"]
[BlackElo "1700"]
[PlyCount "57"]
[EventDate "2016.07.30"]
[EventType "swiss"]
[EventRounds "9"]
[EventCountry "GER"]
[SourceTitle "CBM 173 Extra"]
[Source "ChessBase"]
[SourceDate "2016.08.29"]
[SourceVersion "1"]
[SourceVersionDate "2016.08.29"]
[SourceQuality "1"]

1. Nf3 d5 2. d4 c6 3. c4 Nf6 4. Nc3 h6 5. Bf4 Nbd7 6. e3 Nh5 7. cxd5 Nxf4 8. dxc6 Nxg2+ 9. Bxg2 bxc6 10. Ne5 Nxe5 11. dxe5 Qb6 12. Qf3 Bb7 13. e6 0-0-0 14. 0-0 fxe6 15. Rfc1 Rd6 16. Ne4 Rd5 17. b4 Rf5 18. Qg3 Qc7 19. Qg6 Kb8 20. Qxe6 Qe5 21. Qg6 e6 22. Qe8+ Kc7 23. Rd1 Bd6 24. Nxd6 Rxe8 25. Nxe8+ Kb6 26. Nd6 Ba6 27. Rac1 Kc7 28. Rxc6+ Kb8 29. Nxf5 1-0